00378nam a2200121Ia 4500008004100000245008400041260003500125260000900160300000800169650001800177650001500195856004600210170221s9999 xx 000 0 und d aComparison & Magnitude Credibility: Whom to Trust When Reports are Conflicting? bThe Open Communication Journal c2014 a8 : xCommunication xMedia Arts uhttps://benthamopen.com/TOCOMMJ/VOLUME/8/